Central Library OPAC University of Rajshahi

Electronic image storage / (Record no. 13775)

MARC details
000 -LEADER
fixed length control field 00842cam a22002771 4500
001 - CONTROL NUMBER
control field 13775
003 - CONTROL NUMBER IDENTIFIER
rucl marc code BD-RjUL
005 - DATE AND TIME OF LATEST TRANSACTION
control field 20211208235518.0
008 - FIXED-LENGTH DATA ELEMENTS--GENERAL INFORMATION
fixed length control field 140201s1968 nyua b 000 0 eng
035 ## - SYSTEM CONTROL NUMBER
System control number (BD-RjUL)13827
040 ## - CATALOGING SOURCE
Original cataloging agency DLC
Transcribing agency DLC
Modifying agency DLC
-- BD-RjUL
Language of cataloging eng
041 ## - LANGUAGE CODE
Language code of text/sound track or separate title eng
082 00 - DEWEY DECIMAL CLASSIFICATION NUMBER
Classification number 621.38154
Author mark and year KAE 1968
100 1# - MAIN ENTRY--PERSONAL NAME
Personal name Kazan, B.
9 (RLIN) 43102
245 10 - TITLE STATEMENT
Title Electronic image storage /
Statement of responsibility, etc. by B. Kazan and M. Knoll. With contributions by W. Harth.
260 ## - PUBLICATION, DISTRIBUTION, ETC. (IMPRINT)
Place of publication, distribution, etc. New York :
Name of publisher, distributor, etc. Academic Press,
Date of publication, distribution, etc. c1968.
300 ## - PHYSICAL DESCRIPTION
Pagination xiii, 498 p. :
Illustrations illus. ;
Size 24 cm.
504 ## - BIBLIOGRAPHY, ETC. NOTE
Bibliography, etc Includes bibliographies.
650 #0 - SUBJECT ADDED ENTRY--TOPICAL TERM
Topical term or geographic name as entry element Storage tubes.
9 (RLIN) 43103
Topical term or geographic name as entry element Optoelectronic devices.
9 (RLIN) 43104
700 1# - ADDED ENTRY--PERSONAL NAME
Personal name Knoll, Max,
Dates associated with a name 1897-
Relator term joint author.
Personal name Harth, W.
942 ## - ADDED ENTRY ELEMENTS (KOHA)
Source of classification or shelving scheme Dewey Decimal Classification
Koha item type Books
Holdings
Lost status Source of classification or shelving scheme Damaged status Not for loan Permanent Location Current Location Shelving location Date acquired Source of acquisition Cost, normal purchase price Total Checkouts Full call number Date last seen Copy number Koha item type Collection code
  Dewey Decimal Classification   Not For Loan Central Library, University of Rajshahi Central Library, University of Rajshahi Reading Room 31/08/1971 Zeitlinger 190.00   621.38154 KAE 1968 01/02/2014 C-1 Books  
  Dewey Decimal Classification     Central Library, University of Rajshahi Central Library, University of Rajshahi   31/08/1971 Zeitlinger 190.00   621.38154 KAE 1968 29/05/2017 C-2 Books Non-fiction